[Event "4th Danzhou Tournament"]
[Site "Danzhou CHN"]
[Date "2013.05.23"]
[EventDate "2013.05.20"]
[Round "4.2"]
[Result "1-0"]
[White "Ding Liren"]
[Black "Wen Yang"]
[WhiteElo "2707"]
[BlackElo "2618"]
[PlyCount "57"]

1. d4 Nf6 2. c4 g6 3. g3 Bg7 4. Bg2 O-O 5. Nc3 d6 6. Nf3 Nc6
7. O-O a6 8. Bf4 Ng4 9. h3 e5 10. Bg5 f6 11. Bc1 Nh6 12. dxe5
dxe5 13. Qxd8 Nxd8 14. Nd5 Ne6 15. Nd2 c6 16. Nb6 Rb8 17. b4
Nd4 18. e3 Ne2+ 19. Kh2 Nxc1 20. Raxc1 f5 21. Nb3 f4 22. Nc5
f3 23. Bh1 g5 24. g4 e4 25. Nxe4 Be5+ 26. Kg1 Nxg4 27. hxg4
Bxg4 28. Rfd1 Rf7 29. c5 1-0

[Event "4th Danzhou Tournament"]
[Site "Danzhou CHN"]
[Date "2013.05.24"]
[EventDate "2013.05.20"]
[Round "5.5"]
[Result "1/2-1/2"]
[White "Bu Xiangzhi"]
[Black "Ding Liren"]
[WhiteElo "2662"]
[BlackElo "2707"]
[PlyCount "34"]

1. Nf3 Nf6 2. b3 g6 3. Bb2 Bg7 4. e3 O-O 5. Be2 c5 6. c4 d5
7. cxd5 Qxd5 8. Nc3 Qf5 9. O-O Nc6 10. a3 Rd8 11. Na4 b6
12. b4 c4 13. Bxc4 b5 14. Nh4 Qg5 15. Nf3 Qf5 16. Nh4 Qg5
17. Nf3 Qf5 1/2-1/2

[Event "4th Danzhou Tournament"]
[Site "Danzhou CHN"]
[Date "2013.05.25"]
[EventDate "2013.05.20"]
[Round "6.1"]
[Result "1/2-1/2"]
[White "Zhou Weiqi"]
[Black "Ding Liren"]
[WhiteElo "2590"]
[BlackElo "2707"]
[PlyCount "80"]

1. e4 c6 2. d4 d5 3. exd5 cxd5 4. c4 Nf6 5. Nc3 Nc6 6. Bg5
dxc4 7. Bxc4 h6 8. Bh4 Qxd4 9. Qxd4 Nxd4 10. O-O-O e5 11. Bg3
Be6 12. Bxe6 Nxe6 13. Bxe5 Be7 14. Nge2 O-O 15. Nd4 Ng4
16. Bg3 Nxd4 17. Rxd4 Nf6 18. Rhd1 Rac8 19. Kb1 Rfe8 20. Nd5
Nxd5 21. Rxd5 Bf6 22. Bf4 Re2 23. R5d2 Rxd2 24. Rxd2 Rd8
25. Rxd8+ Bxd8 26. g4 Kh7 27. Kc2 Kg6 28. Kd3 h5 29. h3 hxg4
30. hxg4 f5 31. gxf5+ Kxf5 32. Bb8 a6 33. f3 Bf6 34. b3 b5
35. a4 g5 36. axb5 axb5 37. Bd6 Bg7 38. Bb8 Bf6 39. Bd6 Bg7
40. Bb8 Bf6 1/2-1/2

[Event "4th Danzhou Tournament"]
[Site "Danzhou CHN"]
[Date "2013.05.27"]
[EventDate "2013.05.20"]
[Round "7.5"]
[Result "1-0"]
[White "Ding Liren"]
[Black "Ni Hua"]
[WhiteElo "2707"]
[BlackElo "2646"]
[PlyCount "91"]

1. d4 d5 2. c4 c6 3. Nc3 Nf6 4. e3 g6 5. Nf3 Bg7 6. Be2 O-O
7. O-O b6 8. b4 Ne4 9. Bb2 Nxc3 10. Bxc3 e6 11. a4 a6 12. Ne5
Bb7 13. c5 b5 14. Ra3 Nd7 15. Qa1 Qc7 16. Qb2 f6 17. Nd3 e5
18. Rfa1 exd4 19. Bxd4 Ne5 20. Nf4 Qe7 21. Qc3 Nc4 22. R3a2
Rae8 23. h4 g5 24. Nh5 gxh4 25. axb5 axb5 26. Ra7 Rb8 27. R1a6
Ra8 28. Qc2 Qd7 29. Bd3 Qg4 30. Bxh7+ Kh8 31. Qg6 Qxg6
32. Bxg6 Bxa6 33. Rxg7 Ne5 34. Rh7+ Kg8 35. Nxf6+ Rxf6
36. Bxe5 Rxg6 37. Rh8+ Kf7 38. Rxa8 Bb7 39. Rb8 Ba6 40. Kh2
Ke6 41. Bd4 Kf5 42. f3 Rh6 43. Kh3 Rh7 44. Rf8+ Ke6 45. Ra8
Bb7 46. Rh8 1-0

[Event "4th Danzhou Tournament"]
[Site "Danzhou CHN"]
[Date "2013.05.28"]
[EventDate "2013.05.20"]
[Round "8.2"]
[Result "1/2-1/2"]
[White "Yu Yangyi"]
[Black "Ding Liren"]
[WhiteElo "2675"]
[BlackElo "2707"]
[PlyCount "107"]

1. e4 c6 2. d4 d5 3. Nd2 dxe4 4. Nxe4 Nd7 5. Ng5 Ngf6 6. Bc4
e6 7. Qe2 Nb6 8. Bb3 h6 9. N5f3 c5 10. Bf4 Bd6 11. Be5 O-O
12. O-O-O Qe7 13. Bxd6 Qxd6 14. Ne5 Bd7 15. Ngf3 Rac8 16. Kb1
a6 17. h4 Bb5 18. c4 Bc6 19. Bc2 Nbd7 20. Rhe1 Bxf3 21. Nxf3
h5 22. Rd2 b5 23. dxc5 Qxc5 24. cxb5 axb5 25. Ng5 Nb6 26. Ne4
Nxe4 27. Qxe4 g6 28. Bb3 Nc4 29. Bxc4 Qxc4 30. Rc2 Qxe4
31. Rxe4 Rcd8 32. Rc5 Rd1+ 33. Kc2 Rfd8 34. Re2 Ra1 35. Kb3
Rd3+ 36. Rc3 Rd4 37. g3 b4 38. Rf3 Rd7 39. Rf4 Ra7 40. Rxb4
R1xa2 41. Kc3 Kg7 42. Kd3 Kf6 43. b3 Rxe2 44. Kxe2 Ra2+
45. Ke3 Rb2 46. Rb5 e5 47. f4 exf4+ 48. Kxf4 Rf2+ 49. Ke3 Rg2
50. Kf4 Rf2+ 51. Ke3 Rg2 52. Kf4 Rf2+ 53. Ke3 Rg2 54. Kf4
1/2-1/2

[Event "4th Danzhou Tournament"]
[Site "Danzhou CHN"]
[Date "2013.05.29"]
[EventDate "2013.05.20"]
[Round "9.4"]
[Result "1-0"]
[White "Ding Liren"]
[Black "Xiu Deshun"]
[WhiteElo "2707"]
[BlackElo "2534"]
[PlyCount "125"]

1. d4 Nf6 2. c4 e6 3. Nf3 d5 4. Nc3 c5 5. cxd5 cxd4 6. Qxd4
exd5 7. Bg5 Be7 8. Qa4+ Nc6 9. e3 h6 10. Bh4 O-O 11. Bb5 Bd7
12. O-O a6 13. Bxc6 bxc6 14. Ne5 Qc7 15. Nxd7 Qxd7 16. Rfd1
Qb7 17. Qc2 Rfe8 18. Rac1 Rac8 19. Rd3 Red8 20. Na4 c5 21. Rb3
Qa7 22. Qf5 Rc6 23. Rd3 Qb7 24. Rdd1 Qb4 25. Bxf6 Bxf6 26. Qc2
d4 27. Qc4 Qb8 28. e4 Qe5 29. Qd3 c4 30. Rxc4 Rxc4 31. Qxc4
Qxe4 32. Nc5 Qc6 33. b4 Qb5 34. Qxb5 axb5 35. a4 bxa4 36. Nxa4
Rb8 37. Rb1 Rb5 38. Nc5 Kf8 39. Kf1 Be7 40. Nd3 Rb6 41. Ke2
Bd6 42. b5 Ke7 43. h3 Ke6 44. Rb3 Kd5 45. Nb2 Rb8 46. Kd3 Bc5
47. Nc4 Bb6 48. Rb2 Kc5 49. Rc2 Kd5 50. Re2 f6 51. h4 Bc5
52. Rb2 h5 53. b6 Kc6 54. Na5+ Kd7 55. Nc4 Kc6 56. f4 Kb7
57. Rb5 Kc6 58. Rb2 Kb7 59. Ra2 Kc6 60. Ra6 f5 61. Ra7 Rg8
62. Rc7+ Kb5 63. b7 1-0

[Event "Biel"]
[Site "Biel SUI"]
[Date "2013.07.22"]
[EventDate "2012.07.22"]
[Round "1.3"]
[Result "1/2-1/2"]
[White "Alexander Moiseenko"]
[Black "Ding Liren"]
[WhiteElo "2699"]
[BlackElo "2714"]
[PlyCount "80"]

1. d4 Nf6 2. c4 g6 3. Nc3 Bg7 4. e4 d6 5. Bd3 O-O 6. Nge2 Nc6
7. O-O Nd7 8. Be3 e5 9. d5 Nd4 10. Bb1 c5 11. dxc6 bxc6
12. Nxd4 exd4 13. Bxd4 Ne5 14. Ne2 c5 15. Bc3 Nxc4 16. Bxg7
Kxg7 17. b3 Ne5 18. f4 Ng4 19. Qd2 Ba6 20. Bd3 Bxd3 21. Qxd3
Qb6 22. Kh1 c4 23. Qg3 Nf6 24. Qf3 Rae8 25. Nc3 cxb3 26. axb3
Qxb3 27. Rxa7 Rc8 28. Ne2 Qxf3 29. gxf3 Nh5 30. Rd1 Ra8
31. Rxa8 Rxa8 32. Kg2 Ra6 33. Kf2 Kf6 34. Ke3 Ra3+ 35. Rd3
Rxd3+ 36. Kxd3 Ke6 37. Nd4+ Ke7 38. Ne2 Ke6 39. Nd4+ Ke7
40. Ne2 Ke6 1/2-1/2

[Event "Biel"]
[Site "Biel SUI"]
[Date "2013.07.23"]
[EventDate "2012.07.22"]
[Round "2.1"]
[Result "1-0"]
[White "Etienne Bacrot"]
[Black "Ding Liren"]
[WhiteElo "2714"]
[BlackElo "2714"]
[PlyCount "99"]

1. d4 Nf6 2. c4 g6 3. Nc3 Bg7 4. e4 d6 5. h3 O-O 6. Be3 e5
7. d5 a5 8. Nf3 Na6 9. g4 Nc5 10. Nd2 c6 11. Be2 Bd7 12. g5
Ne8 13. Nb3 Nxb3 14. Qxb3 a4 15. Qc2 f5 16. h4 f4 17. Bd2 Nc7
18. f3 cxd5 19. cxd5 Qb8 20. b4 Rc8 21. Qd3 Bf8 22. Rb1 Be7
23. b5 Bd8 24. Rb4 Ne8 25. b6 Rc5 26. Qb1 h6 27. gxh6 Kh7
28. Nb5 Kxh6 29. a3 Kh5 30. Kd1 Bxh4 31. Be1 g5 32. Bf2 Kg6
33. Bxc5 dxc5 34. Rb2 Qd8 35. Nc7 Rc8 36. Bb5 Nd6 37. Bxd7
Qxd7 38. Qc2 c4 39. Rb4 Rh8 40. Ne6 Kf6 41. Qg2 Nf7 42. Qh3
Ke7 43. Qf5 Rc8 44. Ng7 c3 45. Kc2 Rc5 46. Qxd7+ Kxd7 47. Nf5
Nd6 48. Nxd6 Kxd6 49. Rxa4 Rb5 50. Rb4 1-0

[Event "Biel"]
[Site "Biel SUI"]
[Date "2013.07.24"]
[EventDate "2013.07.22"]
[Round "3"]
[Result "1/2-1/2"]
[White "Ding Liren"]
[Black "Richard Rapport"]
[WhiteElo "2714"]
[BlackElo "2693"]
[PlyCount "80"]

1. d4 Nf6 2. c4 c5 3. d5 g6 4. Nc3 Bg7 5. e4 O-O 6. f4 d6
7. Nf3 e6 8. Be2 exd5 9. cxd5 Bg4 10. O-O Nbd7 11. h3 Bxf3
12. Bxf3 Re8 13. g4 h6 14. h4 h5 15. g5 Ng4 16. Bxg4 hxg4
17. Qxg4 Bd4+ 18. Kh2 Bxc3 19. bxc3 Rxe4 20. Bd2 Qe7 21. Rae1
Nb6 22. f5 Re8 23. Qg3 Nxd5 24. fxg6 fxg6 25. c4 Re2+ 26. Kg1
Qe4 27. Rxe2 Qxe2 28. cxd5 Qxd2 29. Qf3 Qd4+ 30. Kg2 Qg7
31. Qf6 c4 32. Qxd6 Re2+ 33. Rf2 Rxf2+ 34. Kxf2 Qd4+ 35. Kf3
Qd3+ 36. Kf2 Qd2+ 37. Kf3 Qd3+ 38. Kf2 Qd4+ 39. Kf3 Qd3+
40. Kf2 Qd4+ 1/2-1/2

[Event "Biel"]
[Site "Biel SUI"]
[Date "2013.07.25"]
[EventDate "2012.07.22"]
[Round "4.2"]
[Result "1-0"]
[White "Ding Liren"]
[Black "Maxime Vachier-Lagrave"]
[WhiteElo "2714"]
[BlackElo "2719"]
[PlyCount "55"]

1. Nf3 c5 2. c4 Nc6 3. Nc3 Nf6 4. g3 d5 5. cxd5 Nxd5 6. Bg2 g6
7. h4 Bg7 8. h5 e6 9. h6 Bf6 10. Ne4 Be7 11. b4 cxb4 12. Bb2
O-O 13. Rc1 Bd7 14. Nc5 Rc8 15. O-O b6 16. Nxd7 Qxd7 17. e4
Nf6 18. Qe2 Ng4 19. Bh3 Nxh6 20. Qe3 g5 21. Nxg5 f5 22. exf5
Nxf5 23. Qxe6+ Qxe6 24. Nxe6 Bc5 25. Rc4 h5 26. d4 Nfxd4
27. Nxd4 Ne5 28. Bxc8 1-0

[Event "Biel"]
[Site "Biel SUI"]
[Date "2013.07.26"]
[EventDate "2013.07.22"]
[Round "5"]
[Result "1/2-1/2"]
[White "Ian Nepomniachtchi"]
[Black "Ding Liren"]
[WhiteElo "2717"]
[BlackElo "2714"]
[PlyCount "131"]

1. d4 Nf6 2. c4 g6 3. Nc3 Bg7 4. e4 d6 5. Nf3 O-O 6. h3 Na6
7. Bg5 Qe8 8. g4 c6 9. Bg2 e5 10. Be3 exd4 11. Nxd4 Nc5 12. f3
Nfd7 13. Qe2 Nb6 14. Rd1 f5 15. exf5 gxf5 16. b3 h5 17. gxh5
Qxh5 18. f4 Qh6 19. O-O Bd7 20. Qd2 Be8 21. Nde2 Bh5 22. Qxd6
Ne6 23. Bf3 Rf6 24. Qd2 Rg6+ 25. Kh2 Bg4 26. Ng1 Rd8 27. Qe1
Rd7 28. Nce2 Bc3 29. Qg3 Bf6 30. Rxd7 Nxd7 31. Bxg4 Rxg4
32. Qf3 Rg7 33. Ng3 Qg6 34. Nh5 Rh7 35. Qg3 Kf7 36. Qxg6+ Kxg6
37. Nxf6 Nxf6 38. Kg2 Ne4 39. Nf3 Kh5 40. Nd2 Rg7+ 41. Kh2
Nxd2 42. Bxd2 Rd7 43. Be3 a6 44. Kg2 Rd3 45. Re1 Rc3 46. Re2
a5 47. Kf2 a4 48. Rd2 axb3 49. axb3 Rxb3 50. Rd6 Nf8 51. Rf6
Nh7 52. Rxf5+ Kg6 53. Re5 Nf6 54. f5+ Kf7 55. Re6 Ne8 56. Rh6
Rb4 57. Bg5 Rxc4 58. Kf3 Rc5 59. Rh7+ Kg8 60. Rxb7 Rxf5+
61. Kg4 Rf7 62. Rb8 Rf8 63. Rd8 Kg7 64. Kg3 Rf5 65. h4 Nf6
66. Bxf6+ 1/2-1/2

[Event "Biel"]
[Site "Biel SUI"]
[Date "2013.07.29"]
[EventDate "2013.07.22"]
[Round "7"]
[Result "1/2-1/2"]
[White "Ding Liren"]
[Black "Etienne Bacrot"]
[WhiteElo "2714"]
[BlackElo "2714"]
[PlyCount "113"]

1. d4 Nf6 2. c4 e6 3. Nc3 Bb4 4. f3 c5 5. d5 b5 6. e4 O-O
7. e5 Ne8 8. f4 exd5 9. cxd5 d6 10. Nf3 c4 11. a4 Nd7 12. Be2
Qb6 13. axb5 dxe5 14. fxe5 Bb7 15. Qd4 Nc7 16. Qxb6 Nxb6
17. d6 Nxb5 18. Bd2 Bxf3 19. Bxf3 Rae8 20. Nxb5 Rxe5+ 21. Kd1
Bxd2 22. Nxa7 Bf4 23. Ra6 Nd5 24. Nc6 Ne3+ 25. Ke2 Re6 26. Nd4
Re5 27. Kf2 Ng4+ 28. Bxg4 Be3+ 29. Kf3 Bxd4 30. Rd1 f5
31. Rxd4 fxg4+ 32. Kxg4 Re2 33. Kh3 Rxb2 34. Rxc4 Rb3+ 35. g3
Rb7 36. Rc7 Rxc7 37. dxc7 Rc8 38. Rc6 Kf7 39. Kg4 Ke7 40. Kf5
Kd7 41. Rc4 Kd6 42. Rd4+ Ke7 43. Rc4 Kd6 44. Rh4 Ke7 45. Rg4
g6+ 46. Kg5 Rxc7 47. Kh6 Kf8 48. h4 Kg8 49. Ra4 Rc8 50. Ra7
Rc3 51. Rg7+ Kf8 52. Kxh7 Rxg3 53. h5 Rh3 54. h6 Rf3 55. Rg8+
Kf7 56. Ra8 Rf1 57. Ra7+ 1/2-1/2

[Event "Biel"]
[Site "Biel SUI"]
[Date "2013.07.30"]
[EventDate "2012.07.22"]
[Round "8.3"]
[Result "0-1"]
[White "Richard Rapport"]
[Black "Ding Liren"]
[WhiteElo "2693"]
[BlackElo "2714"]
[PlyCount "118"]

1. d4 Nf6 2. c4 g6 3. Nc3 Bg7 4. e4 d6 5. Nge2 O-O 6. Ng3 Nbd7
7. Be2 h5 8. h4 a6 9. Bg5 c5 10. d5 b5 11. b3 Nh7 12. Bd2 b4
13. Na4 Bxa1 14. Qxa1 e5 15. Bh6 Re8 16. f4 Ra7 17. f5 Kh8
18. Qc1 Rg8 19. Bg5 Nxg5 20. hxg5 Kg7 21. Qe3 Rh8 22. Bxh5
gxh5 23. Nxh5+ Kf8 24. g6 fxg6 25. fxg6 Kg8 26. Qf3 Qe7 27. g4
Rh6 28. Nb6 Nxb6 29. Nf6+ Qxf6 30. Qxf6 Rxh1+ 31. Kf2 Bxg4
32. Qxd6 Nc8 33. Qd8+ Kg7 34. Qg5 Bd7 35. Qxe5+ Kxg6 36. Qg3+
Kh7 37. Qf4 Be8 38. Qf5+ Bg6 39. Qxc8 Rf7+ 40. Ke3 Re1+
41. Kd2 Rxe4 42. Qxc5 Rff4 43. d6 Rd4+ 44. Ke3 Rfe4+ 45. Kf2
Rd2+ 46. Kf3 Red4 47. Qxb4 Rxd6 48. Qb8 Rf6+ 49. Ke3 Rd3+
50. Ke2 Re6+ 51. Kf2 Bh5 52. Kf1 Rf3+ 53. Kg2 Rg6+ 54. Kh2 Rf7
55. Qe5 Rfg7 56. Qf5 Bg4 57. Qe4 Bd7 58. b4 Kh8 59. Qa8+ Rg8
0-1

[Event "Biel"]
[Site "Biel SUI"]
[Date "2013.08.01"]
[EventDate "2012.07.22"]
[Round "10.1"]
[Result "1-0"]
[White "Maxime Vachier-Lagrave"]
[Black "Ding Liren"]
[WhiteElo "2719"]
[BlackElo "2714"]
[PlyCount "149"]

1. c4 g6 2. e4 Bg7 3. d4 d6 4. Ne2 Nf6 5. Nec3 O-O 6. Be2 Nfd7
7. d5 e6 8. O-O exd5 9. cxd5 c6 10. Bf4 Be5 11. Bxe5 dxe5
12. Na3 Nb6 13. Rc1 Qe7 14. Qd3 Rd8 15. Rfd1 Bd7 16. Nc4 Nxc4
17. Qxc4 Be8 18. Qb3 b6 19. a4 Qc7 20. a5 bxa5 21. Qa3 a6
22. Na4 Qb7 23. Nc5 Qb4 24. Qxb4 axb4 25. Nb7 Rd7 26. Na5 Rc7
27. d6 Rc8 28. Nc4 Nd7 29. Bg4 Rd8 30. Bxd7 Bxd7 31. Nxe5 a5
32. Rd4 b3 33. Nxd7 Rxd7 34. Rxc6 Kg7 35. Rb6 a4 36. e5 g5
37. h4 Ra5 38. Re4 Kg6 39. g4 h5 40. gxh5+ Kxh5 41. Rbb4 Rda7
42. Kg2 gxh4 43. Rxh4+ Kg6 44. Rhd4 Rd7 45. Rxa4 Rxe5 46. Rab4
Re6 47. Rb6 Kf5 48. Kf3 Kg5 49. Rd5+ Kf6 50. Rd4 Kg5 51. Rd3
Kf6 52. Rd5 Kg6 53. Rd2 Kg7 54. Kf4 Kg6 55. f3 Kf6 56. Rd5 Rd8
57. Rf5+ Kg6 58. Rd5 Kf6 59. Rd3 Rd7 60. Kg4 Kg6 61. f4 f5+
62. Kf3 Rd8 63. Rd2 Rd7 64. Rd5 Rd8 65. Rbb5 Rdxd6 66. Rxf5
Re1 67. Rg5+ Kf6 68. Rbf5+ Ke6 69. Re5+ Rxe5 70. Rxe5+ Kf6
71. Ke3 Rb6 72. Kd3 Rd6+ 73. Kc3 Rd1 74. Re4 Kf5 75. Rd4 1-0

[Event "Biel (Playoffs)"]
[Site "Biel SUI"]
[Date "2013.08.02"]
[EventDate "2013.08.02"]
[Round "1.1"]
[Result "1-0"]
[White "Maxime Vachier-Lagrave"]
[Black "Ding Liren"]
[WhiteElo "2719"]
[BlackElo "2714"]
[PlyCount "109"]

1. e4 c6 2. d4 d5 3. e5 Bf5 4. Nf3 e6 5. Be2 Ne7 6. O-O Nd7
7. Nbd2 Nc8 8. Re1 Be7 9. Nf1 O-O 10. Be3 Ncb6 11. Ng3 Bg6
12. c3 Nc4 13. Bc1 c5 14. Bxc4 dxc4 15. d5 exd5 16. Qxd5 b5
17. e6 fxe6 18. Qxe6+ Rf7 19. Bf4 Nf8 20. Qe3 Bf6 21. Qxc5 Qb6
22. Qxb6 axb6 23. Be5 Be7 24. a3 Bc5 25. Bd4 Nd7 26. Rad1 Bc2
27. Rc1 Bd3 28. Ne4 h6 29. Re3 Re8 30. Rce1 Re6 31. Nxc5 Rxe3
32. Bxe3 bxc5 33. Rd1 Re7 34. Ne1 Be4 35. Kf1 Kf7 36. f3 Bc6
37. Kf2 Re6 38. h4 h5 39. Rd2 g6 40. g3 Rf6 41. Bf4 Rf5
42. Ng2 Rd5 43. Re2 Rd3 44. Be3 Ne5 45. Nf4 Rd1 46. Bxc5 Nd3+
47. Nxd3 cxd3 48. Re3 Rd2+ 49. Ke1 Rxb2 50. Rxd3 Rg2 51. Bf2
Rh2 52. Kf1 b4 53. c4 bxa3 54. Rxa3 Rh1+ 55. Bg1 1-0

[Event "Biel (Playoffs)"]
[Site "Biel SUI"]
[Date "2013.08.02"]
[EventDate "2013.08.02"]
[Round "1.2"]
[Result "0-1"]
[White "Ding Liren"]
[Black "Maxime Vachier-Lagrave"]
[WhiteElo "2714"]
[BlackElo "2719"]
[PlyCount "75"]

1. d4 Nf6 2. c4 g6 3. f3 Nc6 4. d5 Ne5 5. e4 d6 6. Nc3 Bg7
7. f4 Ned7 8. Nh3 e6 9. dxe6 fxe6 10. Be3 O-O 11. Be2 b6
12. Nf2 Bb7 13. Qc2 a6 14. O-O-O Qe7 15. h4 Nh5 16. Bxh5 gxh5
17. Nh3 Bxc3 18. bxc3 Nf6 19. Nf2 d5 20. Bd4 c5 21. Be5 Nd7
22. Nd3 Nxe5 23. Nxe5 Rxf4 24. exd5 exd5 25. Rhe1 Re4 26. Rxe4
dxe4 27. Nd7 Rd8 28. Qd2 Kg7 29. Qg5+ Qxg5+ 30. hxg5 e3
31. Nxb6 Rxd1+ 32. Kxd1 Bxg2 33. Ke2 Kg6 34. Kxe3 Kxg5 35. Nd7
h4 36. Nxc5 Bc6 37. Nd3 h3 38. Kd4 0-1

[Event "FIDE World Team Championship"]
[Site "Antalya TUR"]
[Date "2013.11.26"]
[EventDate "2013.11.26"]
[Round "1.3"]
[Result "1/2-1/2"]
[White "Anish Giri"]
[Black "Ding Liren"]
[WhiteElo "2732"]
[BlackElo "2711"]
[PlyCount "56"]

1. e4 c6 2. Nc3 d5 3. d4 dxe4 4. Nxe4 Nd7 5. Ng5 Ngf6 6. Bd3
e6 7. N1f3 Bd6 8. Qe2 h6 9. Ne4 Nxe4 10. Qxe4 Qc7 11. O-O b6
12. Qg4 Kf8 13. b3 Bb7 14. Re1 Rd8 15. Bb2 Nf6 16. Qh3 Nd5
17. g3 c5 18. dxc5 Bxc5 19. Be4 Nf6 20. Bxf6 gxf6 21. Qh4 Be7
22. Bxb7 Qxb7 23. Qf4 Kg7 24. Qg4+ Kh7 25. Qh5 Kg7 26. Qg4+
Kh7 27. Qh5 Kg7 28. Qg4+ Kh7 1/2-1/2

[Event "Chinese Championship"]
[Site "Xinghua CHN"]
[Date "2014.03.11"]
[EventDate "2014.03.11"]
[Round "1.3"]
[Result "1/2-1/2"]
[White "Yu Yangyi"]
[Black "Ding Liren"]
[WhiteElo "2664"]
[BlackElo "2717"]
[PlyCount "96"]

1. e4 c6 2. d4 d5 3. Nd2 dxe4 4. Nxe4 Nd7 5. Bd3 Ndf6 6. Ng5
Bg4 7. N1f3 Bh5 8. c3 e6 9. Qb3 Qc7 10. Ne5 Bd6 11. O-O Ne7
12. Re1 O-O 13. Bf4 Rad8 14. Bg3 b6 15. a4 c5 16. Rac1 Qc8
17. Bc4 Ned5 18. Bb5 h6 19. Ngf3 Bxf3 20. Nxf3 Bxg3 21. hxg3
Ng4 22. Qc4 Ndf6 23. dxc5 Qxc5 24. Qxc5 bxc5 25. b4 cxb4
26. cxb4 Nd5 27. Rc4 h5 28. Bc6 Rd6 29. b5 Nb6 30. Rc2 Nxa4
31. Ra2 Nc5 32. Rxa7 Rfd8 33. Ng5 Rd1 34. Ra1 Rxa1 35. Rxa1
Ne5 36. f4 Nxc6 37. bxc6 Rc8 38. Ra5 Nd3 39. Ra7 f6 40. Nxe6
Rxc6 41. Ra8+ Kh7 42. Nf8+ Kh6 43. Kf1 Nc5 44. Re8 f5 45. Kg1
Ne4 46. Kh2 Nf6 47. Re6 Rc7 48. Ra6 Rb7 1/2-1/2

[Event "Chinese Championship"]
[Site "Xinghua CHN"]
[Date "2014.03.12"]
[EventDate "2014.03.11"]
[Round "2.4"]
[Result "1-0"]
[White "Ding Liren"]
[Black "Zeng Chongsheng"]
[WhiteElo "2717"]
[BlackElo "2520"]
[PlyCount "87"]

1. c4 e5 2. Nc3 Nf6 3. Nf3 Nc6 4. g3 Bb4 5. Bg2 O-O 6. O-O Re8
7. Nd5 a5 8. d3 h6 9. a3 Bc5 10. e3 d6 11. b3 Nxd5 12. cxd5
Ne7 13. d4 exd4 14. Nxd4 Nf5 15. Ne2 Bd7 16. Nf4 Ne7 17. Bb2
Ng6 18. Qc2 Nxf4 19. gxf4 Qc8 20. Kh1 Bf5 21. Qd1 f6 22. Rg1
Kh7 23. Qh5 Bg6 24. Qh4 Qf5 25. Qg3 Qc2 26. Rac1 Qxb2 27. Bf3
f5 28. Qxg6+ Kh8 29. Rc2 Qf6 30. Qxf6 gxf6 31. Rg6 Kh7
32. Rxf6 Rf8 33. Re6 Rf7 34. a4 Rg8 35. Rc1 Rgg7 36. Bh5 Rf8
37. Rg1 c6 38. Bf3 cxd5 39. Bxd5 b6 40. Rg3 Bb4 41. Kg2 Rc8
42. Bc4 Rc5 43. Rxg7+ Kxg7 44. Rxd6 1-0

[Event "Chinese Championship"]
[Site "Xinghua CHN"]
[Date "2014.03.13"]
[EventDate "2014.03.11"]
[Round "3.4"]
[Result "1/2-1/2"]
[White "Qun Ma"]
[Black "Ding Liren"]
[WhiteElo "2606"]
[BlackElo "2717"]
[PlyCount "61"]

1. d4 d5 2. c4 e6 3. Nc3 c6 4. Nf3 Nf6 5. Qd3 b6 6. cxd5 cxd5
7. Bf4 Bd6 8. Bxd6 Qxd6 9. Nb5 Qb4+ 10. Nd2 Na6 11. a3 Qe7
12. Qg3 O-O 13. e3 Bd7 14. Be2 Bxb5 15. Bxb5 Nc7 16. Bd3 Rfc8
17. O-O Nce8 18. Rfc1 a5 19. Qf3 Qd8 20. Qd1 Rxc1 21. Rxc1 Rc8
22. Rc2 Rxc2 23. Qxc2 Qc7 24. Qxc7 Nxc7 25. f3 Nfe8 26. Kf2
Nd6 27. e4 f5 28. e5 Ndb5 29. Ke3 g5 30. g3 Kg7 31. f4 1/2-1/2

[Event "Chinese Championship"]
[Site "Xinghua CHN"]
[Date "2014.03.14"]
[EventDate "2014.03.11"]
[Round "4"]
[Result "1-0"]
[White "Ding Liren"]
[Black "Wen Yang"]
[WhiteElo "2717"]
[BlackElo "2591"]
[PlyCount "59"]

1. d4 d6 2. Nf3 g6 3. g3 Bg7 4. Bg2 Nf6 5. O-O O-O 6. c4 Nc6
7. Nc3 a6 8. e4 Bg4 9. Be3 Nd7 10. Qd2 Na5 11. b3 Bxf3
12. Bxf3 c5 13. dxc5 Nxc5 14. Rad1 Nc6 15. Nd5 b5 16. cxb5
axb5 17. Bg2 Ne6 18. f4 Ned4 19. f5 Be5 20. Qf2 e6 21. f6 exd5
22. exd5 Nf5 23. dxc6 Rxa2 24. Qxa2 Nxe3 25. Qf2 Nxd1 26. Rxd1
Bxf6 27. c7 Qe7 28. Bh3 Bg5 29. Qc2 Qe3+ 30. Kg2 1-0

[Event "Chinese Championship"]
[Site "Xinghua CHN"]
[Date "2014.03.15"]
[EventDate "2014.03.11"]
[Round "5"]
[Result "1-0"]
[White "Yifan Hou"]
[Black "Ding Liren"]
[WhiteElo "2629"]
[BlackElo "2717"]
[PlyCount "123"]

1. e4 e5 2. Nf3 Nc6 3. d4 exd4 4. Nxd4 Bc5 5. Nb3 Bb6 6. Nc3
Nf6 7. Qf3 d6 8. Bg5 h6 9. Bxf6 Qxf6 10. Qxf6 gxf6 11. Nd5 f5
12. a4 Kd8 13. a5 Bd4 14. Nxd4 Nxd4 15. O-O-O Nc6 16. exf5
Bxf5 17. a6 bxa6 18. Bxa6 Rb8 19. Bc4 Ne5 20. Be2 Be4 21. f3
Bxd5 22. Rxd5 Re8 23. g3 Nd7 24. Re1 Re6 25. b3 Nc5 26. Rf5
Ke7 27. Kd2 c6 28. Rf4 d5 29. Bf1 a5 30. Ra1 Nb7 31. Ba6 Nc5
32. Bf1 Rb4 33. Rxb4 axb4 34. Ra7+ Kf8 35. Rc7 Rf6 36. Be2 Kg7
37. Rc8 Nd7 38. Rd8 Nb6 39. f4 c5 40. Bf3 d4 41. Bd5 h5
42. Be4 h4 43. Ke2 hxg3 44. hxg3 Re6 45. Kf3 Re7 46. g4 Rc7
47. g5 Nc8 48. Bd3 f6 49. g6 f5 50. Bxf5 Ne7 51. Rd7 Rxd7
52. Bxd7 Nxg6 53. Ke4 Kf6 54. Bf5 c4 55. Bxg6 d3 56. Ke3 Kxg6
57. bxc4 dxc2 58. Kd2 Kf5 59. Kxc2 Kxf4 60. Kb3 Ke5 61. Kxb4
Kd6 62. Kb5 1-0

[Event "Chinese Championship"]
[Site "Xinghua CHN"]
[Date "2014.03.17"]
[EventDate "2014.03.11"]
[Round "6"]
[Result "1-0"]
[White "Ding Liren"]
[Black "Zhao Jun"]
[WhiteElo "2717"]
[BlackElo "2608"]
[PlyCount "77"]

1. d4 Nf6 2. c4 e5 3. dxe5 Ng4 4. Bf4 Nc6 5. Nf3 Bb4+ 6. Nc3
Bxc3+ 7. bxc3 Qe7 8. Qd5 f6 9. exf6 Nxf6 10. Qd3 d6 11. g3 O-O
12. Bg2 Bg4 13. O-O Rae8 14. Rae1 Kh8 15. Nd4 Ne5 16. Bxe5
dxe5 17. Nc2 e4 18. Qd2 Rd8 19. Qe3 c5 20. f4 Be6 21. Bxe4
Nxe4 22. Qxe4 Qf6 23. Ne3 Bh3 24. Rf3 Qxc3 25. Kf2 Qd4
26. Qxd4 cxd4 27. Nd5 Rc8 28. Rd3 Rxc4 29. Red1 Ra4 30. R1d2
g5 31. Rxd4 Ra3 32. R4d3 Ra5 33. e4 Kg7 34. f5 Kh6 35. Ne3 Kh5
36. Kf3 Re8 37. g4+ Kh4 38. Rd6 h5 39. Rh6 1-0

[Event "Chinese Championship"]
[Site "Xinghua CHN"]
[Date "2014.03.18"]
[EventDate "2014.03.11"]
[Round "7"]
[Result "1/2-1/2"]
[White "Zhou Jianchao"]
[Black "Ding Liren"]
[WhiteElo "2565"]
[BlackElo "2717"]
[PlyCount "78"]

1. d4 Nf6 2. c4 g6 3. Nc3 Bg7 4. e4 d6 5. Be2 O-O 6. Nf3 e5
7. O-O Nc6 8. d5 Ne7 9. b4 Nh5 10. Re1 f5 11. a4 Nf6 12. Bd3
h6 13. Ba3 f4 14. c5 g5 15. b5 Ng6 16. b6 cxb6 17. cxd6 a6
18. Rb1 g4 19. Nd2 Bd7 20. Nc4 Rc8 21. Qd2 b5 22. axb5 Nh5
23. bxa6 b5 24. Nxb5 Qh4 25. f3 gxf3 26. gxf3 Ng3 27. Nb6 Qg5
28. hxg3 Nh4 29. Rf1 Qxg3+ 30. Kh1 Nxf3 31. Rxf3 Qxf3+ 32. Qg2
Qh5+ 33. Qh2 Qf3+ 34. Qg2 Qxd3 35. Rg1 Rf7 36. Nxc8 Bh3
37. Ne7+ Rxe7 38. dxe7 Bxg2+ 39. Rxg2 Qd1+ 1/2-1/2

[Event "Chinese Championship"]
[Site "Xinghua CHN"]
[Date "2014.03.19"]
[EventDate "2014.03.11"]
[Round "8"]
[Result "1/2-1/2"]
[White "Xiu Deshun"]
[Black "Ding Liren"]
[WhiteElo "2571"]
[BlackElo "2717"]
[PlyCount "69"]

1. Nf3 d5 2. d4 Nf6 3. c4 e6 4. Bg5 dxc4 5. Qa4+ c6 6. Qxc4 b5
7. Qc2 Bb7 8. e4 Nbd7 9. Nbd2 Rc8 10. Bd3 Qb6 11. a4 a6
12. axb5 cxb5 13. Qb1 h6 14. Be3 Ng4 15. e5 Bb4 16. O-O O-O
17. Ne4 f5 18. exf6 Ndxf6 19. Ne5 Nxe4 20. Bxe4 Nxe5 21. dxe5
Bc5 22. Bxb7 Qxb7 23. Qg6 Qf7 24. Qxf7+ Rxf7 25. Rxa6 Bxe3
26. fxe3 Rxf1+ 27. Kxf1 Kf7 28. Rd6 Rc2 29. b4 Rb2 30. Rd4 g5
31. h4 Kg6 32. hxg5 Kxg5 33. Rf4 h5 34. Rf6 Rxb4 35. Rxe6
1/2-1/2